Statistics for Top 10 Biggest Sports Brands 2020

Click here to take the quiz!

General Stats

  • This quiz has been taken 119 times
  • The average score is 5 of 10

Answer Stats

HintAnswer% Correct
1Nike
99%
2Adidas
96%
3Puma
73%
4Under Armour
57%
5New Balance
49%
10Reebok
39%
8Asics
25%
9Fila
22%
6Lululemon
3%
7Columbia
2%

Score Distribution

Percentile by Number Answered

Percent of People with Each Score

Your Score History

You have not taken this quiz